Statistiques concernant Subdivisions bordant la France sur une carte

Cliquez ici pour prendre le quiz!

Statistiques générales

  • Ce quiz a été pris 207 fois
  • Le résultat moyen est 17 sur 37

Réponses sur la Carte

Les réponses sont colorées sur une échelle allant du rouge au vert en fonction du pourcentage des utilisateurs qui les ont devinées à leur premier essai. Vous pouvez retrouver ces pourcentages ci-dessous.
 

Statistiques - réponses

PaysSubdivisions% Correct
EspagneCatalogne
97%
BelgiqueWallonie
92%
BelgiqueFlandre
91%
EspagnePays basque
86%
SuisseGenève
80%
ItaliePiémont
75%
AllemagneSarre
75%
ItalieVallée d'Aoste
75%
EspagneAragon
70%
EspagneNavarre
70%
ItalieLigurie
67%
Pays-BasSaint-Martin
65%
AllemagneBade-Wurtemberg
62%
MonacoMonte-Carlo
60%
SuisseVaud
59%
SuisseJura
56%
SuisseNeuchâtel
52%
SuisseValais
51%
AllemagneRhénanie-Palatinat
45%
SuisseBâle-Campagne
44%
SuisseBâle-Ville
44%
LuxembourgEsch-sur-Alzette
33%
SuisseSoleure
32%
MonacoJardin exotique
19%
AndorreEncamp
18%
MonacoFontvieille
18%
AndorreOrdino
15%
BrésilAmapá
14%
AndorreCanillo
14%
AndorreLa Massana
13%
MonacoLes Moneghetti
13%
MonacoLa Rousse
12%
MonacoLarvotto
11%
LuxembourgRemich
11%
MonacoRavin de Sainte-Dévote
10%
SurinameMarowijne
5%
SurinameSipaliwini
5%

Distribution des résultats

Percentile par nombre de réponses

% des personnes avec chaque résultat

Votre développement - résultats

Vous n’avez pas pris ce quiz